|
|
|
|
| LEADER |
01312aam a22003138a 4500 |
| 001 |
00028952 |
| 005 |
20171026081023.0 |
| 008 |
120425s2011 ||||||viesd |
| 020 |
|
|
|c 40000
|
| 041 |
0 |
# |
|a vie
|
| 082 |
1 |
4 |
|a 341.4
|b NH556Y
|
| 100 |
1 |
# |
|a Claget, Brice M.
|
| 245 |
1 |
0 |
|a Những yêu sách đối kháng của Việt Nam và Trung Quốc ở khu vực bãi ngầm Tư Chính và Thanh Long trong biển đông
|c Brice M. Claget ; Cao Xuân Thự, Nguyễn Quang Vinh dịch
|
| 260 |
# |
# |
|a Hà Nội
|b Chính trị Quốc gia
|c 2011
|
| 300 |
# |
# |
|a 155tr.
|b bản đồ
|c 19cm.
|
| 650 |
# |
4 |
|a Trung Quốc
|x Quan hệ quốc tế
|z Việt Nam
|
| 650 |
# |
4 |
|a Biển đông
|x Quan hệ quốc tế
|
| 650 |
# |
4 |
|x Quan hệ quốc tế
|z Trung Quốc
|a Việt Nam
|
| 653 |
# |
# |
|a Bãi ngầm tư chính
|
| 653 |
# |
# |
|a Chính sách đối ngoại
|
| 653 |
# |
# |
|a Luật biển quốc tế
|
| 653 |
# |
# |
|a Thanh Long
|
| 700 |
1 |
# |
|a Cao, Xuân Thự
|e dịch
|
| 700 |
1 |
# |
|a Nguyễn, Quang Vinh
|e dịch
|
| 852 |
# |
# |
|b Kho mượn
|j KM.0009920
|
| 852 |
# |
# |
|b Kho đọc
|j KD.0013231
|
| 852 |
# |
# |
|j KD.0013231
|j KM.0009920
|
| 910 |
|
|
|d 25/04/2012
|
| 980 |
# |
# |
|a Trung tâm Học liệu Lê Vũ Hùng, Trường Đại học Đồng Tháp
|